000 00429nam a22001817a 4500
003 MPLRDC
005 20220104182316.0
008 210129b ||||| |||| 00| 0 eng d
020 _a988-211-679-5
082 _a848.3 CL-21
100 _a蔡澜
245 _a小雨移花
_c
250 _a初版
260 _a香港
_b天地图书有限公司
_c2007
300 _b236
650 _a现代别集
942 _cBK
_o848.3 CL-21
999 _c61896
_d61886